Process technology troubleshooting / (Record no. 13400)
[ view plain ]
| 000 -LEADER | |
|---|---|
| fixed length control field | 01134cam a22002894a 4500 |
| 001 - CONTROL NUMBER | |
| control field | 13019763 |
| 005 - DATE AND TIME OF LATEST TRANSACTION | |
| control field | 20031023152303.0 |
| 008 - FIXED-LENGTH DATA ELEMENTS--GENERAL INFORMATION | |
| fixed length control field | 021204s2004 njua 001 0 eng |
| 010 ## - LIBRARY OF CONGRESS CONTROL NUMBER | |
| LC control number | 2002044552 |
| 020 ## - INTERNATIONAL STANDARD BOOK NUMBER | |
| International Standard Book Number | 142831109 (alk. paper) |
| 020 ## - INTERNATIONAL STANDARD BOOK NUMBER | |
| International Standard Book Number | 9781428311008 (alk. paper) |
| 040 ## - CATALOGING SOURCE | |
| Original cataloging agency | DLC |
| Transcribing agency | DLC |
| Modifying agency | DLC |
| 042 ## - AUTHENTICATION CODE | |
| Authentication code | pcc |
| 050 00 - LIBRARY OF CONGRESS CALL NUMBER | |
| Classification number | TP155.75 |
| Item number | .F47 2004 |
| 082 00 - DEWEY DECIMAL CLASSIFICATION NUMBER | |
| Classification number | 660.2815 |
| Edition number | 21 |
| Item number | THO |
| 100 1# - MAIN ENTRY--PERSONAL NAME | |
| Personal name | Thomas, Charles E. |
| 9 (RLIN) | 11420 |
| 245 10 - TITLE STATEMENT | |
| Title | Process technology troubleshooting / |
| Statement of responsibility, etc | Charles E. Thomas. |
| 260 ## - PUBLICATION, DISTRIBUTION, ETC. (IMPRINT) | |
| Place of publication, distribution, etc | [USA]. : |
| Name of publisher, distributor, etc | Delmar, |
| Date of publication, distribution, etc | c.2009. |
| 300 ## - PHYSICAL DESCRIPTION | |
| Extent | 460p. : |
| Other physical details | ill. ; |
| Dimensions | 31 cm. |
| 500 ## - GENERAL NOTE | |
| General note | Includes index. |
| 650 #0 - SUBJECT ADDED ENTRY--TOPICAL TERM | |
| Topical term or geographic name as entry element | Chemical process control. |
| 9 (RLIN) | 11421 |
| 700 1# - ADDED ENTRY--PERSONAL NAME | |
| Personal name | Felder, Thomas D. |
| 9 (RLIN) | 11422 |
| 700 1# - ADDED ENTRY--PERSONAL NAME | |
| Personal name | Garrett, E. Lamar. |
| 9 (RLIN) | 11423 |
| 942 ## - ADDED ENTRY ELEMENTS (KOHA) | |
| Source of classification or shelving scheme | Dewey Decimal Classification |
| Item type | Book - Borrowing |
| Withdrawn status | Item status | Source of classification or shelving scheme | Damaged status | Not for loan | Vendor | Home library | Current library | Shelving location | Date acquired | Source of acquisition | Cost, normal purchase price | Serial Enumeration / chronology | Total Checkouts | Full call number | Barcode | Date last seen | Koha item type |
|---|---|---|---|---|---|---|---|---|---|---|---|---|---|---|---|---|---|
| Dewey Decimal Classification | Alahram | Central Library | Central Library | First floor | 15/02/2010 | 376.00 | 29 | 660.2815 THO | 000019597 | 15/07/2025 | Book - Borrowing |